Moeurs et histoire des indiens peaux-rouges
Salvato in:
| Autori principali: | , |
|---|---|
| Natura: | Libro |
| Lingua: | inglese |
| Pubblicazione: |
París
Payot
1928
|
| Soggetti: | |
| Tags: |
Aggiungi Tag
Nessun Tag, puoi essere il primo ad aggiungerne!!
|
MARC
| LEADER | 00000nam a2200000 a 4500 | ||
|---|---|---|---|
| 001 | UCO0667 | ||
| 003 | CL-VaPUC | ||
| 008 | 000428e19280000FR |||||||||||||||||eng|d | ||
| 082 | 0 | 4 | |a 970.00497 |b THE |2 21 |
| 100 | 0 | |a Thévenin, Réné |e author |9 442051 | |
| 700 | 0 | |a Coze, Paul |e author |9 442052 | |
| 245 | 1 | 0 | |a Moeurs et histoire des indiens peaux-rouges |
| 300 | |a 343 p | ||
| 942 | |c BK | ||
| 945 | |d 20000428 00:00:00 |a crobeson | ||
| 260 | |a París |b Payot |c 1928 | ||
| 650 | 7 | |a INDIOS DE AMERICA DEL NORTE |2 CL-VaPUC |9 329231 | |
| 650 | 0 | |a Historia |9 255047 | |
| 650 | 0 | |a Antropología cultural y social |9 265143 | |
| 650 | 0 | |a Etnología |9 258726 | |
| 651 | 7 | |a AMERICA DEL NORTE |2 CL-VaPUC |9 311278 | |
| 583 | |a last modification |c 20000428 00:00:00 |k Rodrigo Vera | ||
| 999 | |c 287315 |d 287313 | ||
| 952 | |0 0 |1 0 |4 0 |6 970_004970000000000_THE_1928 |7 0 |8 X |9 334135 |a BIBHIS |b BIBHIS |d 2019-11-20 |i 1271423 |o 970.00497 THE 1928 |p 1271423 |r 2024-01-30 |w 2019-11-20 |y BK_X |k HIS | ||